| 000 | 01363nam a2200373 a 4500 | ||
|---|---|---|---|
| 999 |
_c12520 _d12520 |
||
| 001 | 12520 | ||
| 003 | BD-JhCC | ||
| 005 | 20220612130608.0 | ||
| 008 | 220611s2011 enka b 001 0 eng | ||
| 020 | _a9780415670548 (hardback) | ||
| 020 | _a9780203808818 (ebook) | ||
| 035 | _a(BD-JhCC)12520 | ||
| 040 |
_aDLC _cDLC _dBD-JhCC |
||
| 041 | _aeng | ||
| 050 | 0 | 0 |
_aJZ6009.A75 _bA45 2012 |
| 082 | 0 | 0 |
_a355/.03305 _222 _bALI 2011 |
| 100 | 1 |
_aAli, S. Mahmud, _d1952- |
|
| 245 | 1 | 0 |
_aAsia-Pacific security dynamics in the Obama era : _ba new world emerging / _cS. Mahmud Ali. |
| 260 |
_aMilton Park, Abingdon, Oxon, [England] ; _aNew York : _bRoutledge, _cc2011. |
||
| 300 |
_axvii, 217 p. : _bmap ; _c24 cm. |
||
| 490 | 0 |
_aPolitics in Asia ; _v82 |
|
| 504 | _aIncludes bibliographical references and index. | ||
| 650 | 0 |
_aSecurity, International _zAsia. |
|
| 650 | 0 |
_aSecurity, International _zPacific Area. |
|
| 650 | 0 |
_aNational security _zAsia. |
|
| 650 | 0 |
_aNational security _zPacific Area. |
|
| 651 | 0 |
_aAsia _xPolitics and government _y1945- |
|
| 651 | 0 |
_aPacific Area _xPolitics and government. |
|
| 651 | 0 |
_aUnited States _xForeign relations _zAsia. |
|
| 651 | 0 |
_aUnited States _xForeign relations _zPacific Area. |
|
| 651 | 0 |
_aAsia _xForeign relations _zUnited States. |
|
| 651 | 0 |
_aPacific Area _xForeign relations _zUnited States. |
|
| 942 |
_2ddc _cBK |
||